00516nam a2200157 a 4500001001000000003000900010005001700019008004100036040002500077082002000102100003300122245009200155250001100247260006600258300003400324000027886DO-SdBNP20260304092050.0110405s1998 dr ac 000 0 spa d aDO-SdBNPbspacBNPHU axxxbO78r, 19981 aOrtiz Bosch, Milagros, 1936-10aRindo cuenta :bnoviembre 1996-octubre 1997, tercera entrega /cMilagros Ortíz Bosch. a3a ed. aSanto Domingo :bImpreso por Ediciones Computarizadas,c1998. a73 p. :bil., retrs. ;c1998.